000 00762cab a2200241 4500
001 WB2822-25
008 090401t1992 xxu||||| |||| 00| 0 eng d
035 _a(Sirsi) u26422
041 _aeng
245 _aBattle of auctioneers
260 _c1992
350 _a0
490 _aEuropean
_v4 June 1992, 5(1)
520 _aInternational auctioneers Sotheby`s is heading for a showdown with the French Government over laws that forbid foreigners conducting auctions in France.
650 _aAUCTIONEERS
650 _aFRANCE
650 _aMUTUAL RECOGNITION OF QUALIFICATIONS
690 _aAuctioneering
_96218
690 _aEUROPE-SINGLE MARKET
690 _aMANAGEMENT-BUSINESS MANAGEMENT-PROFESSIONAL PRACTICE
942 _n0
948 _c04/03/1997
999 _c17748
_d17748